000 00787nam a2200265 i 4500
001 000016587
003 DO-SdBNP
005 20251112093612.0
007 ta
008 100308s1982 dr c r 000 0 spa d
040 _aDO-SdBNP
_bspa
_cBNPHU
_erda
041 _aspa
082 4 _a370.194
_bC334i
_222
245 0 0 _aIDEI :
_b10 años de educación a distancia 1972-1982
264 _aSanto Domingo :
_bIDEI,
_c1982.
300 _a142 páginas :
_bretratos ;
_c21 cm.
336 _2rdacontent
_atexto
_btxt
337 _2rdamedia
_asin mediación
_bn
338 _2rdacarrier
_avolumen
_bnc
590 _aInventariado, 2023/BT
650 0 _aEducación a distancia
_934220
710 1 _aInstituto Dominicano de Educación Integral
_936880
910 _aBtavárez
942 _2ddc
_cLBS1
999 _c16120
_d16120